|
|
|
|
| LEADER |
00000cam a2200000 c 4500 |
| 001 |
1120955548 |
| 003 |
DE-627 |
| 005 |
20231218113949.0 |
| 007 |
tu |
| 008 |
960318s1992 xx ||||| 00| ||eng c |
| 035 |
|
|
|a (DE-627)1120955548
|
| 035 |
|
|
|a (DE-576)050955543
|
| 035 |
|
|
|a (DE-599)BSZ050955543
|
| 040 |
|
|
|a DE-627
|b ger
|c DE-627
|e rakwb
|
| 041 |
|
|
|a eng
|
| 084 |
|
|
|a RG
|2 fivr
|
| 084 |
|
|
|a SG09
|2 fivs
|
| 084 |
|
|
|a 0
|2 ssgn
|
| 100 |
1 |
|
|a Guazzone, Laura
|4 aut
|
| 245 |
1 |
0 |
|a Some considerations on the political role of Islamism in the contemporary Arab world and its implications for the West
|c by Laura Guazzone
|
| 264 |
|
1 |
|a Roma
|b Ist. Affari Internaz.
|c 1992
|
| 300 |
|
|
|a 14 S.
|
| 336 |
|
|
|a Text
|b txt
|2 rdacontent
|
| 337 |
|
|
|a ohne Hilfsmittel zu benutzen
|b n
|2 rdamedia
|
| 338 |
|
|
|a Band
|b nc
|2 rdacarrier
|
| 583 |
1 |
|
|a Archivierung prüfen
|c 20200919
|f DE-640
|z 1
|2 pdager
|
| 650 |
|
4 |
|a Naher und Mittlerer Osten und Nordafrika
|x Religion/Religionsgemeinschaften
|
| 711 |
2 |
|
|0 (DE-588)5172736-5
|0 (DE-627)710804660
|0 (DE-576)19575235X
|4 oth
|a International Conference on the Mediterranean, Risks and Challenges
|d 1992
|c Rom
|
| 935 |
|
|
|a mteo
|
| 936 |
f |
i |
|0 (DE-627)1756133476
|a RG
|b Naher und Mittlerer Osten und Nordafrika
|k Naher und Mittlerer Osten und Nordafrika
|2 fivr
|
| 936 |
f |
i |
|0 (DE-627)1756136092
|a SG09
|b Religion/Religionsgemeinschaften
|k Gesellschaft
|k Religion/Religionsgemeinschaften
|2 fivs
|
| 951 |
|
|
|a BO
|
| ELC |
|
|
|b 1
|
| LOK |
|
|
|0 000 xxxxxcx a22 zn 4500
|
| LOK |
|
|
|0 001 4426333296
|
| LOK |
|
|
|0 003 DE-627
|
| LOK |
|
|
|0 004 1120955548
|
| LOK |
|
|
|0 005 20231218172914
|
| LOK |
|
|
|0 008 231205||||||||||||||||ger|||||||
|
| LOK |
|
|
|0 040
|a DE-Tue135
|c DE-627
|d DE-Tue135
|
| LOK |
|
|
|0 092
|o n
|
| LOK |
|
|
|0 852
|a DE-Tue135
|
| LOK |
|
|
|0 852 1
|9 00
|
| LOK |
|
|
|0 935
|a fivi
|
| LOK |
|
|
|0 939
|a 05-12-23
|b l01
|
| ORI |
|
|
|a SA-MARC-ixtheoa001.raw
|
| REL |
|
|
|a 1
|
| SUB |
|
|
|a REL
|